Central Library OPAC University of Rajshahi

Introduction to management statistics : (Record no. 51509)

MARC details
000 -LEADER
fixed length control field 00730nam a2200217 4500
001 - CONTROL NUMBER
control field 51509
003 - CONTROL NUMBER IDENTIFIER
rucl marc code BD-RjUL
005 - DATE AND TIME OF LATEST TRANSACTION
control field 20211209075654.0
008 - FIXED-LENGTH DATA ELEMENTS--GENERAL INFORMATION
fixed length control field 160831s1967 enka p 00000 eng
035 ## - SYSTEM CONTROL NUMBER
System control number (BD-RjUL)51629
040 ## - CATALOGING SOURCE
Original cataloging agency BD-RjUL
Language of cataloging eng
Transcribing agency BD-RjUL
041 ## - LANGUAGE CODE
Language code of text/sound track or separate title eng
082 ## - DEWEY DECIMAL CLASSIFICATION NUMBER
Edition number 23
Classification number 519.5
Author mark and year INT 1967
110 00 - MAIN ENTRY--CORPORATE NAME
Corporate name or jurisdiction name as entry element International Tutor Machines Limited.
Subordinate unit Programme Division.
9 (RLIN) 153998
245 00 - TITLE STATEMENT
Title Introduction to management statistics :
Remainder of title a teaching programme /
Statement of responsibility, etc. International Tutor Machines Limited.
260 0# - PUBLICATION, DISTRIBUTION, ETC. (IMPRINT)
Place of publication, distribution, etc. London,
Name of publisher, distributor, etc. English Universities P.,
Date of publication, distribution, etc. 1967.
300 ## - PHYSICAL DESCRIPTION
Pagination [304] p. :
Illustrations ill. ;
Size 22 cm.
490 0# - SERIES STATEMENT
Series statement The E.U.P. library of programmed texts
650 #0 - SUBJECT ADDED ENTRY--TOPICAL TERM
Topical term or geographic name as entry element Statistical Mathematics
9 (RLIN) 153996
942 ## - ADDED ENTRY ELEMENTS (KOHA)
Source of classification or shelving scheme Dewey Decimal Classification
Koha item type Books
Holdings
Lost status Source of classification or shelving scheme Damaged status Not for loan Collection code Permanent Location Current Location Shelving location Date acquired Source of acquisition Cost, normal purchase price Total Checkouts Full call number Date last seen Copy number Koha item type
  Dewey Decimal Classification     Non-fiction Central Library, University of Rajshahi Central Library, University of Rajshahi   13/07/1973 book center 44.00   519.5 INT 1967 31/08/2016 C-2 Books